00571nam a22001337a 4500999001700000003000400017008004100021245005300062250006000115260003300175650002700208942001200235952019000247 c10080d10080OSt201218b ||||| |||| 00| 0 eng d aJournal of Information and Optimization Sciences a2016(Jan Vol.37 No.1, Mar Vol.37 No.2, May Vol.37 No.3) aNew DelhibTaru Publications aInformation Technology 2ddccBV 00102ddc3Bound Volume40718BTECHITaPIETbPIETd2020-12-21eTaru Publicationsh2016(Jan Vol.37 No.1, Mar Vol.37 No.2, May Vol.37 No.3)l0pBV820r2020-12-21 00:00:00w2016-01-09yBV